LEADER 01187nam0 2200289 i 450 001 VAN0069449 005 20090429120000.0 010 $a88-14-13606-8 100 $a20090429d2007 |0itac50 ba 101 $aita 102 $aIT 105 $a|||| ||||| 200 1 $aˆI ‰servizi sociali tra universalismo e selettività$fAnnalisa Gualdani 210 $aMilano$cGiuffrè$dc2007 215 $aVIII, 318 p.$d24 cm. 410 1$1001VAN0069305$12001 $aCollana di studi$fUniversità di Siena, Facoltà di giurisprudenza, Dipartimento di diritto pubblico$1210 $aMilano$cGiuffrè.$v8 606 $aServizi sociali$3VANC003166$2FI 620 $dMilano$3VANL000284 676 $a344.03$v21 700 1$aGualdani$bAnnalisa$3VANV054800$0498275 712 $aGiuffrè $3VANV109181$4650 801 $aIT$bSOL$c20230616$gRICA 899 $aBIBLIOTECA DEL DIPARTIMENTO DI GIURISPRUDENZA$1IT-CE0105$2VAN00 912 $aVAN0069449 950 $aBIBLIOTECA DEL DIPARTIMENTO DI GIURISPRUDENZA$d00CONS IV.Eo.42 $e00BFG1407 20090429 996 $aServizi sociali tra universalismo e selettività$9806675 997 $aUNICAMPANIA LEADER 01921nam0 22003731i 450 001 UON00522793 005 20240328113728.986 010 $a978-90-7792-230-9 100 $a20240205d2007 |0itac50 ba 101 $aeng 102 $aNL 105 $a|||| ||||| 200 1 $aFields of change$e progress in African archaeobotany$fedited by René Cappers 210 $aEelde, The Netherlands$cBarkhuis ; Groningen$cGroningen University Library$d2007 215 $avi, 214 p.$cill., c. geogr.$d29 cm 300 $aRelazioni presentate al 4° Workshop Internazionale di Archeobotanica Africana tenutosi a Groningen dal 30 giugno al 2 luglio 2003 410 1$1001UON00523750$12001 $aGroningen archaeological studies$1210 $a Eelde, The Netherlands$cBarkhuis$v5 606 $aAgricoltura preistorica$xAfrica$xCongressi$3UONC103029$2FI 606 $aPALEOBOTANICA$xAfrica$xCongressi$3UONC103028$2FI 606 $aResti vegetali (Archeologia)$xAfrica$xCongressi$3UONC097866$2FI 606 $aSCAVI ARCHEOLOGICI$xAfrica$xCongressi$3UONC103030$2FI 620 $aNL$dEelde$3UONL005846 676 $a561.1$cPALEOBOTANICA$v21 702 1$aCAPPERS$bRené T. J.$3UONV198066 710 12$aInternational Workshop on African Archaeobotany $d4.$e 2003$e Groningen, Olanda $3UONV295019$01803511 712 $aBarkhuis$3UONV283641$4650 712 $aGroningen University Library$3UONV295020$4650 801 $aIT$bSOL$c20250530$gRICA 899 $aSIBA - SISTEMA BIBLIOTECARIO DI ATENEO$2UONSI 912 $aUON00522793 950 $aSIBA - SISTEMA BIBLIOTECARIO DI ATENEO$dSI IX b 023/4 $eSI 50807 5 023/4 951 $aSIBA - SISTEMA BIBLIOTECARIO DI ATENEO$bSI202480 1J 20240205Bolla n. 59 del 14.3.2024. 996 $aFields of change$94350693 997 $aUNIOR LEADER 01558nam0 22003493i 450 001 RAV0242583 005 20251003044328.0 010 $a8879106090 100 $a20160531d1994 ||||0itac50 ba 101 | $aita 102 $ait 181 1$6z01$ai $bxxxe 182 1$6z01$an 183 1$6z01$anc$2RDAcarrier 200 1 $aPolitica dei redditi e struttura della contrattazione$fRenato Brunetta ... [et al.] 210 $aRoma$cEdiesse$aLavoro$d[1994] 215 $a232 p.$cill.$d21 cm. 676 $a339.50945$9POLITICA MACROECONOMICA. Italia$v19 676 $a339.50945$9POLITICA MACROECONOMICA. ITALIA$v20 686 $aIT/5430.6$cDISTRIBUZIONE DEL REDDITO ITALIA 1989-2001$2R 686 $aIT/5432.6$cRELAZIONI INDUSTRIALI ITALIA 1989-$2R 686 $aIT/5436.0$cLAVORO SINDACATI DEI LAVORATORI ITALIA 1989-2001$2R 686 $aIT/5436.1$cLEGISLAZIONE E CONTRATTI DI LAVORO ITALIA 1989-2001$2R 702 1$aBrunetta$b, Renato$3CFIV028041 801 3$aIT$bIT-000000$c20160531 850 $aIT-BN0095 901 $bNAP 01$cPOZZO LIB.$nVi sono collocati fondi di economia, periodici di ingegneria e scienze, periodici di economia e statistica e altri fondi comprendenti documenti di economia pervenuti in dono. 912 $aRAV0242583 950 0$aBiblioteca Centralizzata di Ateneo$c1 v.$d 01POZZO LIB.ECON MON 4578$e 0101 0000119005E VMA 1 v.$fB $h20210324$i20210324 977 $a 01 996 $aPolitica dei redditi e struttura della contrattazione$91770164 997 $aUNISANNIO